| 000 | 00472nam a22001697a 4500 | ||
|---|---|---|---|
| 003 | NUST - PNEC | ||
| 005 | 20170116180756.0 | ||
| 008 | 150404b xxu||||| |||| 00| 0 eng d | ||
| 040 | _cLIBRARY | ||
| 082 | _a297.4 DAR | ||
| 100 |
_92099 _aDaravi.Shafiqur Rehman |
||
| 245 |
_aTohfa e Waqt _cShafiqur Rehman al-Daravi. |
||
| 260 |
_aMuzafargarh: _bAl Furqan Trust, |
||
| 300 |
_a423 p.: _c22 cm. |
||
| 650 |
_92100 _aIslam, Hadees, Social life _xGeneral |
||
| 942 |
_2ddc _cBK |
||
| 999 |
_c62753 _d62753 |
||